| 000 | 00706nam a2200181 4500 | ||
|---|---|---|---|
| 008 | 170804b xxu||||| |||| 00| 0 eng d | ||
| 020 | _a0-205-15768-8 (recycled, acid-free paper) | ||
| 082 |
_21995 _aDC 372.83044 _bEl5 |
||
| 100 |
_921644 _aEllis, Arthur K. |
||
| 245 |
_aTeaching and learning elementary social studies / _cArthur K. Ellis. |
||
| 250 | _aFifth Edition | ||
| 260 |
_aBoston : _bAllyn and Bacon, _cc1995. |
||
| 300 |
_axxi, 392 pages : _billustrations (some col.), maps (some col.) ; _c25 cm. |
||
| 500 | _aIncludes bibliographical references (p. 375-384) and index. | ||
| 650 | 0 |
_921645 _aSocial sciences -- Study and teaching (Elementary) |
|
| 365 |
_b2,910.00 _cPhp |
||
| 942 |
_2ddc _cDC |
||
| 999 |
_c7162 _d7162 |
||